Statistics for Countries Starting with B in 90 Seconds

Click here to take the quiz!

General Stats

  • This quiz has been taken 97 times
  • The average score is 13 of 17

Answer Stats

country% Correct
Bahamas
88%
Belgium
86%
Brazil
86%
Brunei
82%
Barbados
81%
Botswana
81%
Bhutan
79%
Bolivia
78%
Belize
75%
Burundi
75%
Bahrain
74%
Bangladesh
74%
Bulgaria
72%
Benin
71%
Burkina Faso
69%
Belarus
68%
Bosnia and
Herzegovina
67%

Score Distribution

Percentile by Number Answered

Percent of People with Each Score

Your Score History

You have not taken this quiz